000 nam a22 7a 4500
999 _c7493
_d7493
008 170913b xxu||||| |||| 00| 0 eng d
020 _a9788123759692
100 _aBose Ashish
_94019
245 _aIndia`s quest for population stabilisation
260 _aIndia
_bNational Book Trust
_c2010